01660nam a22002537a 450000500170000000800410001704000700005804100080012808200140013610000420015024201460019224501640033825001000050226000660060230000360066850004610070450500530116550600210121854600210123965000440126065000470130470000240135170000310137520161207104711.0130419s1755||||sp ||||fr|||||000|0|lat|d aCo-BoUCMbspacSandra Yazo (modificó)dSandra Yazo (modificó)0 alat04a876.12201 aCicerón, Marco Tuliod106-43 a. C. 00aCartas familiares de Marco Tulio CicerónbCorregidas con los mejores textos confrontados y precedida cada una del respectivo argumentoyspa10aEpistolae familiares Marci Tulii CiceronisbOptimis quibusque exemplaribus collatis emmendatae: nec praetermissis interim singularum epistolarum argumentis ... aNunc postremo ... ab innumeris erroribus vindicatae [Recientemente depuradas de muchos errores] aMadrid (España)bEn la imprenta de D. Gabriel Ramirezc1755 a[4], 512 páginasc15 x 10 cm. aDetalles físicos: Encuadernación flexible en pergamino, en buen estado de conservación, pergamino arrugado. Conserva las guardas. Portada impresa en una sola tinta. Licencia del consejo Real. Fe de erratas y tasación. Dedicatoria. Mayúsculas capitales sencillas. Texto impreso en una sola columna con varios tipos y tamaños de letra. Signatura y reclamos. Notas de pie de página. Papel muy manchado. En la pág. 60 una anotación manuscrita2 a16 libros con 421 cartas familiares de Cicerón aConsulta en sala aTexto en latín 7aCartas latinasxObras anteriores a 1800 7aLiteratura LatinaxObras anteriores a 18001 aManutii, P.eeditor1 aMureti, M. Antonioeeditor